Online Catalogue and eLibrary

Mahagama sekarage thunman anthiya vimasimak (Record no. 6054)

MARC details
000 -LEADER
fixed length control field 00436nam a22001577a 4500
005 - DATE AND TIME OF LATEST TRANSACTION
control field 20250526033535.0
008 - FIXED-LENGTH DATA ELEMENTS--GENERAL INFORMATION
fixed length control field 250526b |||||||| |||| 00| 0 eng d
082 ## - DDC Classification
DDC Edition Number 22
Class No. 302
Item Number - Author Mark MAH
100 ## - MAIN ENTRY--PERSONAL NAME
Personal name mihinthakula, sunil
245 ## - TITLE STATEMENT
Title Mahagama sekarage thunman anthiya vimasimak
250 ## - EDITION STATEMENT
Edition statement 2nd
260 ## - PUBLICATION, DISTRIBUTION, ETC.
Place of publication, distribution, etc. Maharagama
Name of publisher, distributor, etc. Suragi Publishers
Date of publication, distribution, etc. 1991
300 ## - PHYSICAL DESCRIPTION
Extent (e.g. Volumes, Pages etc.) 32 p,.,
500 ## - GENERAL NOTE
General note A book on ( Dunman Anthiye vimasima - Cinema)
942 ## - Koha item type (Biblio)
Koha item type Books in Stacks (Lending)

No items available.

© WERC Library